000 01302nam a22003970a 4500
001 PT59846
003 AR-LpoUNG
005 20260120154439.0
008 201001s2017||||ag |||||||||||||||||spa d
020 _a9789503414613
_c$2
040 _aAR-LpoUNG
_bspa
_eaacr
041 _aspa
044 _aag
082 0 _a982.064 558dep
100 1 _aMerele, Hernán José
245 1 3 _aLa “depuración” ideológica del peronismo en el partido de General Sarmiento :
_b1973-1974 : una aproximación al proceso represivo durante los años setenta constitucionales a partir del caso de Antonio Tito Deleroni
250 _a1ra. ed.
260 _aLos Polvorines :
_bUniversidad Nacional de General Sarmiento,
_c2017.
300 _a156 p. :
_bgráfs.
490 0 _aEntre los libros de la buena memoria ;
_vno.8
650 4 _aANALISIS HISTORICO
650 4 _aARGENTINA
650 4 _aGOBIERNO LOCAL
650 4 _aHISTORIA
650 4 _aHISTORIA NACIONAL
650 4 _aHISTORIA POLITICA
650 4 _aIDEOLOGIAS
650 4 _aPERONISMO
650 4 _aREPRESION
653 0 _aDEPURACION IDEOLOGICA
653 0 _aPARTIDO DE GENERAL SARMIENTO
653 0 _aTRIPLE A
856 _uhttps://repositorio.ungs.edu.ar/handle/UNGS/346
_yTexto completo
905 _a59846
942 _cLIB
_2ddc
999 _c51548
_d51548